1274 1438 1457 1070 1898 1113 1003 1969 2000 1946 1924 1250 1975 1600 1695 1759 1384 1313 1404 1736 1971 1328 1583 1260 1776 1224 1116 1071 1584 1690 1853 1248 1645 1078 1945 1351 1662 1891 1975 1828 1356 1450 1527 1563 1192 1390 1701 1282 1200 1395 1173 1060 1425 1081 1101 1151 1961 1930 1123 1599 1746 1360 1628 1792 1002 1973 1933 1012 1984 1759 1002 1542 1511 1451 1965 1950 1039 1156 1953 1494 1134 1132 1499 1425 1238 1567 1093 1205 1582 1238 1707 1256 1499 1412 1360 1407 1373 1561 1684 BCNSPRNW ULIB Ver.6.0+V

เปลี่ยนเป็นภาษาไทย

Change to English
 แสดงรายละเอียดบรรณานุกรม
  กลับหน้าหลัก

Brief Record : Get Marc (ISO 2709) : E-mail record : QR code < ปิดหน้าต่าง
LEADER : 00000nam 2200000uu 4500
001    13399111929
003     ULIB
008    110627s2552||||th 000 0 tha d
020    9786117190124
090    นว.^bช564ล 2552
100 0  ชินณ์
245 00 ลิขิตรัก อาญาพิศวาส/^cชินณ์
250    พิมพ์ครั้งที่ 1
260    กรุงเทพฯ :^bอินเลิฟ,^c2552
300    330 หน้า
710 1  อินเลิฟ
945    ^p224^l0^i026483
995    ทศพร
999 ^a ใช้งานได้ทุกระบบ
รายการนี้ยังไม่มีแท็ก
คุณยังไม่ได้ล็อกอิน คุณสามารถมีกิจกรรมร่วมกับเว็บไซต์ได้ แต่ต้องล็อกอินก่อน ::
  ล็อกอิน

รายการสื่อสารสนเทศ

ลำดับที่ ประเภท เลขเรียก/บาร์โค้ด สถานที่ สถานะ
- ไม่พบข้อมูล -

BibComment


ยังไม่เคยถูกคอมเมนท์

คอมเมนท์ทรัพยากรรายการนี้
  คอมเมนท์: ลิขิตรัก อาญาพิศว..


 Copyright 2026. Bcnsprnw @Library